00506nam a2200145Ia 4500008004100000020001800041082001200059100002900071245005800100260002300158500002700181942000700208952013000215999001500345260604s9999 xx 000 0 und d a9781787691841 a658 ZIL aZIBER [TAMMAR B.]935541 0aPRODUCTION OF MANAGERIAL KNOWLEDGE AND ORGANIZATIONAL bEMERALD PUBLISHING aManagement, Production cBK 00104070aIIMVbIIMVcREFERENCEd2026-06-04g9466.92l0o658 ZILp003980r2026-06-04 10:19:57v9466.92w2026-06-04yBKBZIL c8362d8362